000 04068nam a2200409 a 4500
001 dia_3405
003 CHAP
005 20250617121303.0
007 ta
008 220117s2005 mx ado fr 001 0 eng d
010 _a173869
020 _a0-7167-4339-6
020 _a978-0-7167-4339-2
040 _cCHAP
_amxchpua
_erda
041 _aeng
_beng
_feng
_heng
050 1 _aQH345
_b.N45 2005
082 _220
_a574.192
_bN45 2005
100 1 _aNelson, David L.
_980773
245 1 0 _aLehninger Principles of biochemistry /
_cDavid L. Nelson y Michael M. Cox
250 _a4a edición
264 _aNew York, USA :
_bW. H. Freeman and Company,
_c2005
300 _axxv, 1119 páginas :
_bilustraciones, gráficas, diagramas, tablas, fotos
336 _2rdacontent
_atexto
_btxt
337 _2rdamedia
_ano mediado
_bn
338 _2rdacarrier
_avolumen
_bnc
504 _aIncluye bibliografías
505 0 _aPreface -- 1. The foundations of biochemistry -- I. Structure and catalysis -- 2. Water -- 3. Amino acids, peptides and proteins -- 4. The three-dimensional structures and proteins -- 5. Protein function -- 6. Enzymes -- 7. Carbohydrates and Glycobiology -- 8. Nucleotides and nucleic acids -- 9. DNA-based information tecnologies -- 10. Lipids -- 11. Biological membranes and transport -- 12. Biosignaling -- II. Bioenergetics and metabolism -- 13. Principles of bioenergetics -- 14. Glycolysis, gluconeogenesis and the pentose phosphate pathway -- 15. Principles of metabolic regulation: glucose and glycogen -- 16. The citric acid cycle -- 17. Fatty acid catabolism -- 18. Amino acid oxidation and the production of urea -- 19. Oxidative Phosphorylation and photophosphorylation -- 20. Carbohydrate biosynthesis in plants and bacteria -- 21. Lipid biosynthesis -- 22. Biosynthesis of amino acids, nucleotides and related molecules -- 23. Hormonal regulation and integration of mammalian metabolism -- III. Information pathways -- 24. Genes and chromosmes -- 25. DNA metabolism -- 26. RNA metabolism -- 27. Protein metabolism -- 28. Regulation og gene expressión -- Appendixes -- Glossary -- Credits -- Index
520 2 _aThe fourth edition of Lehninger Principles of Biochemistry stays true to the vision of its predecessors while embracing the advances made in biochemical research since the previous edition. As always, the book presents the fundamentals of biochemistry through selected topics, and emphasizes the most important recent developments and applications without abandoning the classical core of the subject. The new edition has been carefully streamlined to reduce the length of the book without compromizing content. As with previous editions, it emphasizes clear prose and student friendly explanations to optimize student comprehension. It also contains a groundbreaking new treatment of metabolic regulation, up to date coverage of DNA based information technologies, many new applications and problems, and a new graphical style for enzyme reaction mechanisms, including step by step annotations that clarify the concepts and chemical logic of enzymatic reactions. Lecturer supplements include: Instructor's Resource CD ROM with Test Bank, Printed Test Bank and a set of 150 Overhead Transparencies. For students a Study Guide and Solutions Manual is available which includes discussion questions, a self test and a Cellular Metabolic Map, as well as a Lecture Notebook containing the essential diagrams and reaction equations in the text. The textbook's dedicated website http://www whfreeman.com/lehninger offers numerous features including PowerPoint images, animated mechanisms and living graphs.
650 1 3 _aBioquímica
_9139215
_2atg
650 1 3 _aBiochemistry
_9150448
_2atg
700 1 _aCox, Michael M.
_928752
_eautor
856 4 0 _uhttps://sirptsciencecollege.org/pdfs/microbiology/Lehninger-Principles-of-Biochemistry.pdf
_yVer PDF
901 _a574.192 N45 2005
902 _aM
905 _a0000002005 -USX 0000000000ENG00
942 _cLIBRO
_2ddc
999 _c173869
_d173869